The noble scholar, jurist, historian


 His Excellency Dr. Abdul Wahhab bin Ibrahim Abu Sulaiman, may Allah have mercy on him.


 He was born in Umm Al-Qura in the year 1356 AH.

هذه أربعون حديثا في الترغيب والترهيب محلاة خاتمتها بحديث الحسنين في بعض الشمائل المحمدية / (Record no. 14126)

MARC details
000 -LEADER
fixed length control field 01290cam a22002771i 4500
003 - CONTROL NUMBER IDENTIFIER
control field SA-RiAUC
005 - DATE AND TIME OF LATEST TRANSACTION
control field 20260123130711.0
008 - FIXED-LENGTH DATA ELEMENTS--GENERAL INFORMATION
fixed length control field 260119s1978____su g 001 0 ara c
040 ## - CATALOGING SOURCE
Original cataloging agency SA-JeALM
Language of cataloging ara
Transcribing agency SA-RiAUC
Description conventions rda
041 1# - LANGUAGE CODE
Language code of text/sound track or separate title ara
Language code of original und
050 #4 - LIBRARY OF CONGRESS CALL NUMBER
Item number M37125 1978
082 04 - DEWEY DECIMAL CLASSIFICATION NUMBER
Classification number 237.7
Assigning agency SA-RiAUC
090 ## - LOCALLY ASSIGNED LC-TYPE CALL NUMBER (OCLC); LOCAL CALL NUMBER (RLIN)
Classification number (OCLC) (R) ; Classification number, CALL (RLIN) (NR) 237.7
Local cutter number (OCLC) ; Book number/undivided call number, CALL (RLIN) م ش ا
100 1# - MAIN ENTRY--PERSONAL NAME
Personal name المشاط، حسن بن محمد،
Dates associated with a name 1319-1399 هجري
Relator term مؤلف.
245 10 - TITLE STATEMENT
Title هذه أربعون حديثا في الترغيب والترهيب محلاة خاتمتها بحديث الحسنين في بعض الشمائل المحمدية /
Statement of responsibility, etc. حسن بن محمد المشاط .
246 3# - VARYING FORM OF TITLE
Title proper/short title 40 حديثا في الترغيب والترهيب محلاة خاتمتها بحديث الحسنين في بعض الشمائل المحمدية
264 #1 - PRODUCTION, PUBLICATION, DISTRIBUTION, MANUFACTURE, AND COPYRIGHT NOTICE
Place of production, publication, distribution, manufacture مكة المكرمة :
Name of producer, publisher, distributor, manufacturer مطبعة النور ،
Date of production, publication, distribution, manufacture, or copyright notice [بين 1900 و1999]
300 ## - PHYSICAL DESCRIPTION
Extent 59 صفحة ؛
Dimensions 18 سم
336 ## - CONTENT TYPE
Content type term نص
Content type code txt
Source rdacontent
Materials specified كتاب
337 ## - MEDIA TYPE
Media type term بدون وسيط
Media type code n
Source rdamedia
650 #7 - SUBJECT ADDED ENTRY--TOPICAL TERM
Topical term or geographic name entry element الحديث
General subdivision الأربعون حديثا
Source of heading or term aucsh
650 #7 - SUBJECT ADDED ENTRY--TOPICAL TERM
Topical term or geographic name entry element الحديث
General subdivision جوامع الفنون
Source of heading or term aucsh
650 #7 - SUBJECT ADDED ENTRY--TOPICAL TERM
Topical term or geographic name entry element أخلاق الرسول في الحديث
Source of heading or term aucsh
942 ## - ADDED ENTRY ELEMENTS (KOHA)
Source of classification or shelving scheme Dewey Decimal Classification
Koha item type Books
Suppress in OPAC No
949 ## - LOCAL PROCESSING INFORMATION (OCLC)
a SA-JeALM
d 260119
u osman123
n 1
Holdings
Withdrawn status Lost status Source of classification or shelving scheme Damaged status Not for loan Home library Current library Date acquired Total checkouts Full call number Barcode Date last seen Price effective from Koha item type
    Dewey Decimal Classification     DR AbdElwahab Library DR AbdElwahab Library 01/23/2026   237.7 م ش ا 000022567 01/23/2026 01/23/2026 Books